| 000 | 00884cam a22002895i 4500 | ||
|---|---|---|---|
| 001 | 19019543 | ||
| 003 | SISC | ||
| 005 | 20160726110900.0 | ||
| 008 | 160318t20142015ph a 000 0 eng | ||
| 010 | _a 2015321616 | ||
| 020 | _a9789712730092 | ||
| 040 |
_aDLC _beng _cDLC _dDLC _erda |
||
| 042 |
_alcode _apcc |
||
| 043 | _aa-ph--- | ||
| 050 |
_aHF 5808.P5 _b.H313 2014 |
||
| 100 | 1 |
_aHarris, Tony _c(Chief executive officer), _eauthor. |
|
| 245 | 1 | 0 |
_aAdvertising more fun in the Philippines / _cTony Harris. |
| 246 | 3 | 0 | _aAdvertising |
| 260 |
_aMandaluyong City : _bAnvil Publishing, _c2014. |
||
| 300 |
_ax, 171 pages : _bcolor illustrations ; _c23 cm |
||
| 500 | _aIncludes appendix. | ||
| 546 | _aIn English. | ||
| 650 |
_aAdvertising _xPhilippines. |
||
| 906 |
_a7 _bpar _corigres _d3 _encip _f20 _gy-gencatlg |
||
| 942 |
_2lcc _cBK |
||
| 999 |
_c298054 _d298054 |
||